000 00308nam a2200109Ia 4500
008 200302s9999 xx 000 0 und d
100 _aR. S. Deshpande
245 _aCheap & Healthy Homes for the Middle Classess of India 4th ed.
260 _bUnited Book Corporation Poona
260 _c1946
300 _a192 P.,
999 _c5219
_d5219